Certamen de poesía y narrativa breve : 10 años (1995-2004) 10 años (1995-2004)
Descripción Física:
106 p. : il. ; 26 cm
Colección:
Cuadernos de la Casa de Ceuta ; 2
Materias:
Certàmens literaris -- Ceuta
MARC
| LEADER | 00000nam a2200000Ia 4500 | ||
|---|---|---|---|
| 001 | 17594 | ||
| 008 | 160829s9999 xx 000 0 cat d | ||
| 080 | |a L-2-77 | ||
| 245 | |a Certamen de poesía y narrativa breve : |b 10 años (1995-2004) | ||
| 260 | |a Barcelona : |b Casa de Ceuta, [2005] | ||
| 300 | |a 106 p. : |b il. ; |c 26 cm | ||
| 490 | |a Cuadernos de la Casa de Ceuta ; 2 | ||
| 650 | |a Certàmens literaris |x Ceuta |9 20763 | ||
| 710 | 1 | |a Barcelona (Catalunya : Província). |b Àrea de Cultura |9 53536 | |
| 901 | |a Arxiu | ||
| 942 | |n 1 | ||
| 952 | |0 0 |1 0 |4 0 |6 L277 |7 1 |9 41655 |a Arxiu |b Arxiu |d 2016-12-01 |l 0 |o L-2-77 |p 17594 |r 2016-12-01 00:00:00 |w 2016-12-01 |y ARXIU | ||
| 999 | |c 43545 |d 43545 | ||